Vplyv finančnej a hospodárskej krízy na Latinskú Ameriku

Stručný vývoj regiónu pred hospodárskou krízou v rokoch 2004 – 2008. Finančná a hospodárska kríza a región Latinskej Ameriky. Rastúci vplyv Číny na vývoj v Latinskej Amerike.

Salvato in:
Dettagli Bibliografici
Autore principale: Baumgartner, Boris
Natura: Capitolo di libro
Lingua:slovacco
Soggetti:
Tags: Aggiungi Tag
Nessun Tag, puoi essere il primo ad aggiungerne!!

MARC

LEADER 00000nla$a2200000$$$4500
001 0124690
005 20240502072418.8
041 0 |a slo 
044 |a SK 
245 1 0 |a Vplyv finančnej a hospodárskej krízy na Latinskú Ameriku  |c Boris Baumgartner 
520 |a Stručný vývoj regiónu pred hospodárskou krízou v rokoch 2004 – 2008. Finančná a hospodárska kríza a región Latinskej Ameriky. Rastúci vplyv Číny na vývoj v Latinskej Amerike. 
610 2 0 |a Latinská Amerika 
610 2 0 |a kríza finančná 
610 2 0 |a kríza hospodárska 
610 2 0 |a vzťahy obchodné 
610 2 0 |a Čína 
100 1 |a Baumgartner, Boris